000 00509nam a2200133Ia 4500
008 220216s9999 xx 000 0 und d
100 _aJessy M D
245 0 _aEffect of irrigation, soil and moisture conservation on growth and yield of rubber
260 _bIn: Water management for plantation crops: Problems and prospects. (Ed. K.V. Satheesan). Centre for Water Resources Development and Management, Kozhikode, Kerala.
_c1994
300 _a93-96
700 _aGeorge S
700 _aMathew M
942 _cJS
999 _c57920
_d57920